International economics : (Record no. 1120)

000 -LEADER
fixed length control field 01539nam a22004817a 4500
001 - CONTROL NUMBER
control field 5113750
003 - CONTROL NUMBER IDENTIFIER
control field LIBRIS
005 - DATE AND TIME OF LATEST TRANSACTION
control field 20210501123703.0
008 - FIXED-LENGTH DATA ELEMENTS--GENERAL INFORMATION
fixed length control field 011211s1991 xxu 001 0 eng c
020 ## - INTERNATIONAL STANDARD BOOK NUMBER
International Standard Book Number 0673521044 (student ed.)
020 ## - INTERNATIONAL STANDARD BOOK NUMBER
International Standard Book Number 0673521516 (teacher ed.)
020 ## - INTERNATIONAL STANDARD BOOK NUMBER
International Standard Book Number 0673521869 (student ed.)
040 ## - CATALOGING SOURCE
Original cataloging agency Ge
Language of cataloging eng
Transcribing agency DLC
041 ## - LANGUAGE CODE
Language code of text/sound track or separate title eng
080 ## - UNIVERSAL DECIMAL CLASSIFICATION NUMBER
Universal Decimal Classification number 33
Item number K-85
082 ## - DEWEY DECIMAL CLASSIFICATION NUMBER
Classification number 337
Edition number 20
082 ## - DEWEY DECIMAL CLASSIFICATION NUMBER
Classification number 337
Edition number 20
084 ## - OTHER CLASSIFICATION NUMBER
Classification number Qaea
Number source kssb/6
084 ## - OTHER CLASSIFICATION NUMBER
Classification number Qade
Number source kssb/6
084 ## - OTHER CLASSIFICATION NUMBER
Classification number Qade
Number source kssb/6
084 ## - OTHER CLASSIFICATION NUMBER
Classification number Qaea
Number source kssb/6
100 1# - MAIN ENTRY--PERSONAL NAME
Personal name Krugman, Paul R.,
Dates associated with a name 1953-
Authority record control number or standard number 319316
245 00 - TITLE STATEMENT
Title International economics :
Remainder of title theory and policy /
Statement of responsibility, etc. / by: HarperCollins Publishers
250 ## - EDITION STATEMENT
Edition statement 2nd edition
260 ## - PUBLICATION, DISTRIBUTION, ETC.
Place of publication, distribution, etc. New York
Name of publisher, distributor, etc. HarperCollins Publishers
Date of publication, distribution, etc. cop. 1991
300 ## - PHYSICAL DESCRIPTION
Extent xxvi, 682 p.. [43] p. ill.
Other physical details diagr., tab.
650 #0 - SUBJECT ADDED ENTRY--TOPICAL TERM
Topical term or geographic name entry element International economic relations
650 #0 - SUBJECT ADDED ENTRY--TOPICAL TERM
Topical term or geographic name entry element Economics
9 (RLIN) 446
650 #0 - SUBJECT ADDED ENTRY--TOPICAL TERM
Topical term or geographic name entry element International finance
650 #4 - SUBJECT ADDED ENTRY--TOPICAL TERM
Topical term or geographic name entry element Internationell ekonomi
653 ## - INDEX TERM--UNCONTROLLED
Uncontrolled term ეკონომიკა
653 ## - INDEX TERM--UNCONTROLLED
Uncontrolled term საერთაშორისო ეკონომიკა
700 1# - ADDED ENTRY--PERSONAL NAME
Personal name Obstfeld, Maurice
775 1# - OTHER EDITION ENTRY
International Standard Book Number 0-316-50475-0
Record control number 0316504750
900 1s - EQUIVALENCE OR CROSS-REFERENCE-PERSONAL NAME [LOCAL, CANADA]
Linkage 100
Dates associated with a name 1953-
Affiliation Krugman, Paul R.,
Dates associated with a name 1953-
942 ## - ADDED ENTRY ELEMENTS (KOHA)
Source of classification or shelving scheme
Koha item type Books
Edition 2
Holdings
Withdrawn status Lost status Source of classification or shelving scheme Damaged status Not for loan Permanent location Current location Date acquired Inventory number Total Checkouts Full call number Barcode Date last seen Price effective from Koha item type
          Ken Walker International University Ken Walker International University 02/03/2021 862   33 K-85 862 02/03/2021 02/03/2021 Books

Powered by Koha